|
|
|
|
| LEADER |
00646cam a2200229 7i4500 |
| 001 |
0000036744 |
| 005 |
20220210090000.0 |
| 007 |
ta |
| 020 |
|
|
|a 9789670890562
|
| 040 |
|
|
|a MATR
|
| 090 |
0 |
0 |
|a FM 899.2333
|b EZZ
|
| 100 |
0 |
|
|a Ezza Mysara
|e author
|
| 245 |
1 |
0 |
|a Alergi Mamat Romantik
|c Ezza Mysara.
|
| 264 |
|
0 |
|a Selangor:
|b Penerbitan Karyaseni,
|c 2015.
|
| 300 |
|
|
|a 685 pages;
|c 19 cm.
|
| 336 |
|
|
|a text
|2 rdacontent
|
| 337 |
|
|
|a unmediated
|2 rdamedia
|
| 338 |
|
|
|a volume
|2 rdacarrier
|
| 500 |
0 |
0 |
|a Screen adaption
|
| 650 |
0 |
0 |
|a Malay fiction
|
| 650 |
0 |
0 |
|a Malaysian fiction (Malay)
|
| 999 |
|
|
|a B000041653
|b Book
|c Book
|e Business Information Centre
|